【妖怪ウォッチ】◯◯ニャン - Statistics

General Stats
  • This quiz has been taken 630 times
  • The average score is 23 of 41
Answer Stats
種族 必殺わざ 妖怪名 % Correct
プリチー ひゃくれつ肉球 ジバニャン
100%
プリチー チクチク肉球 トゲニャン
89%
プリチー ツッパリ夜露死苦! ワルニャン
86%
プリチー 100カラット肉球 ダイヤニャン
81%
イサマシ かつおブシ斬り ブシニャン
78%
プリチー じょうねつレッド肉球 ルビーニャン
75%
ゴーケツ ボウギョモードニャン ロボニャン
75%
プリチー もぎたてビタニャンC ミカンニャン
73%
プリチー ププププ種鉄砲 スイカニャン
73%
プリチー さわやかグリーン肉球 エメラルニャン
71%
プリチー ひんやりブルー肉球 サファイニャン
70%
プリチー つぶぞろいバディ ブドウニャン
70%
プリチー ベリーファイニャー イチゴニャン
70%
イサマシ ど根性ストレート肉球 フユニャン
69%
プリチー メロメロ肉球 メロンニャン
67%
プリチー 百万倍返し肉球 ブチニャン
63%
プリチー つぶつぶオレンジ肉球 トパニャン
62%
プリチー うぶ毛バリヤー キウイニャン
62%
イサマシ きびだんご斬り モモタロニャン
60%
プリチー モンキー炸裂パンチ サルニャン
59%
プリチー 大空ジェット肉球 ジェットニャン
58%
ブキミー ダークニャイトクロー ダークニャン
58%
ゴーケツ 犬猫ワンニャン肉球 イヌニャン
57%
ゴーケツ ゴールデンニャンダー ゴルニャン
56%
ポカポカ 鳴かズバ撃タレ舞 キジニャン
56%
ウスラカゲ とことん吸血 ガブニャン
53%
プリチー ゴーゴー☆ラブニャン セーラーニャン
49%
ゴーケツ 斬撃のまさかり キンタロニャン
47%
ポカポカ オープン・ザ・救急箱 ウラシマニャン
45%
プリチー ワンハンドレッド肉球 トムニャン
43%
イサマシ ハラキリソード ラストブシニャン
43%
プリチー ニャッサーソード ワンダーニャン
39%
プリチー アカネコBランチャー Bジバニャン
37%
プリチー ぷにぷにコンボニャン ぷにニャン
32%
プリチー ダブル世界ビーム コアラニャン
27%
ゴーケツ Uミサイルシステム Uロボニャン
27%
プリチー チョコ肉ラッシュ チョコボニャン
25%
プリチー 百烈トレニャー肉球 Tジバニャン
18%
ニョロロン やわらか肉球 マッサラニャン
17%
イサマシ ジャスティス肉球 ヒーローニャン
16%
プリチー 究極魔法アルテニャ モーグリニャン
14%
No matching quizzes found
Score Distribution
Percent of People with Each Score
Percentile by Number Answered
Your Score History
You have not taken this quiz